Víchrica prispela k rekonštrukcii lesov

Podrobná bibliografia
Hlavný autor: Líška, Peter (Autor)
Médium: Článok
Jazyk:slovenčina
Fyzický popis:Fotogr.
Predmet:

MARC

LEADER 00000nab a2200000 ar4500
001 vtls008621050
003 SK-MaSNL
005 20260303204144.0
008 180911c2005 xo wr|p|||||||000 b|slo
038 |a PPPK 
040 |a PPPKCL  |b slo  |c PPPKCL  |e AACR2 
041 |a slo 
044 |a xo  |c SK 
080 |a 551.553.8  |2 1997 
080 |a 630:551.556.1  |2 1997 
080 |a 630*4  |2 1997 
245 0 0 |a Víchrica prispela k rekonštrukcii lesov  |c [autor] (plk), Ing. Peter Líška 
300 |b Fotogr. 
650 0 7 |a víchrice  |y 2004  |2 pppkcl  |9 409307 
650 0 7 |a Škody spôsobené vetrom  |2 pppkcl  |9 1097044 
650 0 7 |a lesy  |2 pppkcl  |9 1437 
650 0 7 |a revitalizácia  |2 pppkcl  |9 288707 
651 7 |a Vysoké Tatry (Poľsko a Slovensko : pohorie)  |2 SNKPHgeo  |9 67729 
651 7 |a Tatranský národný park (Slovensko)  |2 pppkcl  |9 106968 
700 1 |a Líška, Peter  |4 ive  |4 aut  |9 328507 
773 0 |t Podtatranské noviny  |g Roč. XLVI, č. 47 (2005), s. 11 
852 |a PPPK  |b KIS3GCP 
999 |c 2188697  |d 2190627